000 00718nam a2200253 i 4500
001 23943
003 ES-MaACL
005 20250824221751.0
007 t|
008 021213s1983 sp |||| |bspa d
020 _a84-85800-60-5
080 _a929 Andrade, Juan
100 1 _aAndrade, Juan,
_d1897-1981
_921511
245 1 0 _aRecuerdos personales /
_cJuan Andrade.
250 _a1ยช ed.
260 _aBarcelona :
_bSerbal,
_c1983.
300 _a234 p. :
_bretr. aut. ;
_c19 cm.
490 1 _aLibros del tiempo.
_aHistoria
830 0 0 _aLibros del tiempo (Serbal)
_9229062
852 _aES-MaACL
_jL-5991
852 _aES-MaACL
_jL-5926
852 _aES-MaACL
_jL-8463
999 _c23943
_d23943